| 000 | 00492nam a2200169Ia 4500 | ||
|---|---|---|---|
| 999 |
_c15418 _d15418 |
||
| 082 | _aTD.0239 | ||
| 100 | _aDasgupta, Arjun | ||
| 245 | 0 | _aIndian historical periodicals as source of research (from the beginning to 1970) | |
| 250 | _aJadavpur University | ||
| 260 | _c1992 | ||
| 300 | _a386p. | ||
| 650 | _aPERIODICALS///INDIA - HISTORY - PERIODICALS | ||
| 650 | _aHISTORY///INDIA - HISTORY | ||
| 650 | _aINDIA - HISTORY - PERIODICALS | ||
| 710 | _aRoy Choudhry, P. | ||
| 942 |
_cTH _2ddc |
||